Statistics for World Capitals in Alphabetical Order

Click here to take the quiz!

General Stats

  • This quiz has been taken 3,074 times
    (1,220 since last reset)
  • The average score is 145 of 200

Answer Stats

Answer% Correct
Abu Dhabi
95%
Abuja
95%
Accra
94%
Addis Ababa
92%
Amsterdam
90%
Algiers
89%
Ankara
89%
Amman
88%
Andorra la Vella
88%
Antananarivo
86%
Apia
85%
Athens
85%
Ashgabat
84%
Astana
84%
Baghdad
84%
Baku
84%
Bern
84%
Bratislava
84%
Cairo
84%
Asmara
83%
Asunción
83%
Berlin
83%
Bamako
82%
Bandar Seri Begawan
82%
Bangkok
82%
Beijing
82%
Belgrade
82%
Bishkek
82%
Bogotá
82%
Budapest
82%
Bangui
81%
Banjul
81%
Brasília
81%
Brussels
81%
Bucharest
81%
Beirut
80%
Belmopan
80%
Brazzaville
80%
Buenos Aires
80%
Caracas
79%
Dublin
79%
Canberra
78%
Chișinău
78%
Dakar
78%
Damascus
78%
Dhaka
78%
Dili
78%
Djibouti
78%
Dushanbe
78%
Funafuti
78%
Georgetown
78%
Helsinki
78%
Basseterre
77%
Bridgetown
77%
Castries
77%
Islamabad
77%
Jakarta
77%
Zagreb
77%
Bissau
76%
Copenhagen
76%
Dodoma
76%
Doha
76%
Jerusalem
76%
Wellington
76%
Freetown
75%
Gaborone
75%
Harare
75%
Juba
75%
Washington D.C.
75%
Yerevan
75%
Conakry
74%
Guatemala City
74%
Hanoi
74%
Havana
74%
Kigali
74%
Lima
74%
Lisbon
74%
Cape Town
73%
Honiara
73%
Kabul
73%
Kathmandu
73%
Khartoum
73%
Kingston
73%
Kingstown
73%
Kinshasa
73%
Kuwait City
73%
London
73%
Luanda
73%
Luxembourg
73%
Madrid
73%
Warsaw
73%
Yaoundé
73%
Gitega
72%
Kiev
72%
Kuala Lumpur
72%
Ljubljana
72%
Malé
72%
Mexico City
72%
Oslo
72%
Ottawa
72%
Panama City
72%
Vilnius
72%
Yaren
72%
Kampala
71%
Lusaka
71%
Manama
71%
Maputo
71%
Monaco
71%
Moscow
71%
Podgorica
71%
Quito
71%
Vaduz
71%
Vatican City
71%
Vienna
71%
La Paz
70%
Lomé
70%
Managua
70%
Nairobi
70%
Port-au-Prince
70%
Santiago
70%
Valletta
70%
Lilongwe
69%
Manila
69%
Minsk
69%
Montevideo
69%
Muscat
69%
Port Moresby
69%
Port-of-Spain
69%
Prague
69%
Rabat
69%
Reykjavík
69%
Riyadh
69%
Rome
69%
San José
69%
San Marino
69%
Tashkent
69%
Ulaanbaatar
69%
Windhoek
69%
Yamoussoukro
69%
Majuro
68%
Maseru
68%
Paramaribo
68%
Paris
68%
Pretoria
68%
Pristina
68%
Pyongyang
68%
Riga
68%
Vientiane
68%
Bloemfontein
67%
Libreville
67%
Monrovia
67%
New Delhi
67%
Port Vila
67%
Sana'a
67%
San Salvador
67%
Seoul
67%
Tehran
67%
Malabo
66%
Mbabane
66%
Naypyidaw
66%
Niamey
66%
Phnom Penh
66%
Port Louis
66%
Porto-Novo
66%
Praia
66%
Santo Domingo
66%
Skopje
66%
Stockholm
66%
Tunis
66%
Nassau
65%
Ouagadougou
65%
Saint George's
65%
Saint John's
65%
Sarajevo
65%
Singapore
65%
Taipei
65%
Tokyo
65%
Victoria
65%
Mogadishu
64%
Moroni
64%
Nicosia
64%
Roseau
64%
Suva
64%
Tallinn
64%
Tbilisi
64%
Tegucigalpa
64%
Tirana
64%
Nouakchott
63%
Sofia
63%
Nuku'alofa
62%
São Tomé
62%
Sucre
62%
Tripoli
62%
Palikir
61%
Thimphu
61%
N'Djamena
60%
Ngerulmud
60%
Sri Jayawardenepura Kotte
58%
South Tarawa
56%
Cotonou
53%

Score Distribution

Percentile by Number Answered

Percent of People with Each Score

Your Score History

You have not taken this quiz since the last reset